000 01062nam a22003135i 4500
001 11581
003 ES-MaACL
005 20250818232001.0
007 t|
008 920521s1990 sp ||||0| spa d
020 _a84-87191-36-3
040 _aM-BN
_bspa
_cM-BN
080 _a535.374(063)
080 _a543.4(063)
111 2 _aSimposio Internacional sobre Rayos Láser y Haces Moleculares (
_cMadrid)
_91083
245 1 0 _aSimposio Internacional Sobre Rayos Láser y Haces Moleculares /
_ccoordinador, Angel González Ureña.
250 _a[1ª ed.].
260 _aMadrid :
_bCentro de Estudios Ramón Areces,
_c1990.
300 _a184 p :
_bil ;
_c24 cm.
500 _aEn la port.: Fundación Ramón Areces.
500 _aTextos en español e inglés.
504 _aBibliografía.
650 4 _aRayos láser-
_xAplicaciones-
_vCongresos y asambleas.
_916675
700 1 _aGonzález Ureña, A.
_958998
710 2 _aFundación Ramón Areces
_94401
852 _aES-MaACL
_jL-18967
_bR.123950
999 _c11581
_d11581